000 00499nam a2200169Ia 4500
008 230917s9999||||xx |||||||||||||| ||und||
020 _cGBP49.99
040 _e249042
_aMAIN
041 _aEnglish
082 _a658.409 B41W
100 _aBelasen, Alan T
245 0 _aWomen in management: A framework for sustainable work-life integration
260 _aRoutledge
_bOxon
_c2017
300 _axx, 329 p.
500 _a3201 26/07/2018 APD18/1080231 01/08/2018 IMSAR (Dev. & Research)
942 _cBK
999 _c27557
_d27557